000 01536nam a2200313 a 4500
003 OSt
005 20250826121118.0
007 cr ||||||a|a|a
008 250815s2025 mx a|||fom||| 001 0 spa d
040 _erda
100 1 _aCarrasco Avila, Osvaldo
_9190925
245 1 0 _aDistribución y mantenimiento de drones agrícolas en la zona norte de los Altos de Jalisco/
_cpor Osvaldo Carrasco Avila; director de tesis Gilberto de Jesús López Canteñs; secretario Juan Carlos Olguín Rojas; vocal Francisco Muñoz Gómez; suplente Bonifacio Gaona Ponce; suplente Marco Antonio Rojas Martínez.
264 1 _aChapingo, México :
_bEl autor,
_c2025.
300 _a1 recurso en línea (62 páginas):
_bcuadros, figuras.
336 _2rdacontent
_atexto
_btxt
337 _2rdamedia
_acomputadora
_bc
338 _2rdacarrier
_arecurso en línea
_bcr
502 _bIMAg
_cMecánica
_d2025.
_gLIC
504 _aIncluye referencias bibliográficas: páginas 58-62.
650 4 _aAviones sin piloto
_xEvaluación
_9191119
650 4 _aAviones sin piloto
_xMantenimiento
_9191120
700 1 _aLópez Canteñs, Gilberto de Jesús
_967746
_edirector.
700 1 _aOlguín Rojas, Juan Carlos
_9185728
_esecretario.
700 1 _aMuñoz Gómez, Francisco
_979600
_evocal.
700 1 _aGaona Ponce, Bonifacio
_945572
_esuplente.
700 1 _aRojas Martínez, Marco Antonio
_999340
_esuplente.
856 _zDESCARGAR PDF
_uhttp://10.13.5.2/tesis/tl/1710349-3_CARRASCO_AVILA_OSVALDO.pdf
942 _2Clasificación Universidad Autónoma Chapingo
_cTD
999 _c220812
_d220812